| 000 | 00482nam a2200157 i 4500 | ||
|---|---|---|---|
| 001 | 91169 | ||
| 003 | ES-MaACL | ||
| 005 | 20230906180646.0 | ||
| 007 | t| | ||
| 008 | 050127s1908 fr ||||1| fre d | ||
| 100 | 1 |
_aLeroy, Maxime. _971804 |
|
| 245 | 1 | 3 |
_aLa Loi _b: essai sur la thérie de l'autorité dans la democratie / _cMaxime Leroy. |
| 260 |
_aParis : _b[s.n., _c1908] ( _eSaint-Amand, Cher : _fBussière) |
||
| 300 |
_a351 p. ; _c23 cm. |
||
| 852 |
_aES-MaACL _jA-5096 _bR.18028 |
||
| 999 |
_c91169 _d91169 |
||